<?xml version="1.0" encoding="UTF-8"?>
<marc:record xmlns:marc="http://www.loc.gov/MARC21/slim">
   <marc:leader>00000nam a2200000 a 4500</marc:leader>
   <marc:datafield ind1="1" ind2=" " tag="100">
      <marc:subfield code="a">Gidwitz, Adam</marc:subfield>
      <marc:subfield code="4">aut</marc:subfield>
      <marc:subfield code="e">Verfasser/-in</marc:subfield>
   </marc:datafield>
   <marc:datafield ind1=" " ind2=" " tag="653">
      <marc:subfield code="a">Grusel</marc:subfield>
   </marc:datafield>
   <marc:datafield ind1="0" ind2="0" tag="245">
      <marc:subfield code="a">Eine dunkle &amp; grimmige Geschichte</marc:subfield>
   </marc:datafield>
   <marc:datafield ind1="0" ind2="0" tag="245">
      <marc:subfield code="c">Gidwitz, Adam</marc:subfield>
   </marc:datafield>
   <marc:datafield ind1=" " ind2="1" tag="264">
      <marc:subfield code="a">München</marc:subfield>
      <marc:subfield code="b">ars edition</marc:subfield>
      <marc:subfield code="c">2011</marc:subfield>
   </marc:datafield>
   <marc:datafield ind1="1" ind2=" " tag="520">
      <marc:subfield code="a">"Märchenhaft" als Attribut für harmonische oder gar romantische Geschichten ist angesichts der Kinder- und Hausmärchen der Grimms ein eher paradoxer Begriff: Blutrünstig, teils grausam gestalten sich die Originaltexte und dementsprechend grimmig ist auch diese Adaption angelegt. Entgegen der Vorlage entstammen Hänsel und Gretel hier einem Königshaus, die - nach ihrer Enthauptung und Reinkarnation - fliehen und dabei nicht nur der Hexe, sondern auch 7 Schwalben und dem Teufel begegnen. Regelmäßig greift eine gewitzte Erzählstimme in den synthetisierten Märchenplot ein, die das Geschehen kommentiert, auf die Originale verweist und stets um die zart besaiteten LeserInnen besorgt ist.</marc:subfield>
   </marc:datafield>
   <marc:datafield ind1=" " ind2=" " tag="020">
      <marc:subfield code="a">9783760783666</marc:subfield>
      <marc:subfield code="9">9783760783666</marc:subfield>
   </marc:datafield>
   <marc:datafield ind1=" " ind2=" " tag="020">
      <marc:subfield code="a">376078366x</marc:subfield>
      <marc:subfield code="9">376078366x</marc:subfield>
   </marc:datafield>
   <marc:datafield ind1=" " ind2=" " tag="041">
      <marc:subfield code="a">ger</marc:subfield>
   </marc:datafield>
   <marc:datafield ind1=" " ind2=" " tag="338">
      <marc:subfield code="a">Band</marc:subfield>
   </marc:datafield>
   <marc:datafield ind1=" " ind2=" " tag="300">
      <marc:subfield code="a">250 S.</marc:subfield>
   </marc:datafield>
</marc:record>
